LEADER 01597nam a2200301 4500 001 000000364289 003 CaOOAMICUS 005 20250918110808.0 008 250915s2016 gw a 000 u eng r 020 $a978-3-942240-21-5 040 $aSeMil$bita 100 1 $aLinden-Wolanski, Sabina : van der,$d<1927-2011>.$0(OLS)http://semarc/name/122749 245 10$aDestined to live :$bone woman's war, life, loves remembered /$cSabina van der Linden-Wolanski with Diana Bagnall ; edited by Ulrich Baumann and Uwe Neumärker. 264 1$aBerlin :$bStiftung Denkmal für die ermordeten Juden Europas,$c2016. 300 $a245 p. :$bill. ;$c22 cm 600 14$aLinden-Wolanski, Sabina : van der <1927-2011>.$0(OLS)http://semarc/subject/58535 650 4$aOlocausto - Testimonianze.$0(OLS)http://semarc/subject/51989 700 1 $aNeumärker, Uwe.$0(OLS)http://semarc/name/122738 700 1 $aBaumann, Ulrich.$0(OLS)http://semarc/name/122751 700 1 $aBagnall, Diana.$0(OLS)http://semarc/name/122750 710 2 $aFoundation Memorial to the Murdered Jews of Europe.$0(OLS)http://semarc/name/122783 850 $aSeMil 852 $aSeMil$W1$xVenegono$y1$m3V III 331$j261937$B255163$CSeMilBibl$Z2$F255163 $81 961 $aPerego don Stefano - Omaggio 996 $6020$a978-3-942240-21-5$9(OLS)http://semarc/number/304105 996 $6245$aDestined to live :$bone woman's war, life, loves remembered$9(OLS)http://semarc/title/455653 996 $6264$aBerlin :$bStiftung Denkmal für die ermordeten Juden Europas$9(OLS)http://semarc/publisher/62561 LEADER 00988nam a2200217 i 4500 001 000000008406 003 CaOOAMICUS 005 20180830125439.0 008 180830s1834 it u000 u ita u 040 $aSeMil$bita 100 1 $aPalladini, Francesco.$0(OLS)http://semarc/name/89667 245 10$aDella elezione degli Arcivescovi di Milano :$bopera postuma /$cdel sacerdote Francesco Palladini ; pubblicata per cura di Carlo Annoni. 260 $aMilano :$bCoi tipi di Giuseppe Bernardoni di Gio.,$c1834. 300 $a2 v. ;$c27 cm. 500 $aLegati insieme i 2 vol. 650 4$aVescovi milanesi.$0(OLS)http://semarc/subject/2844 700 1 $aAnnoni, Carlo ,$d<1795-1879>.$0(OLS)http://semarc/name/89668 774 0 $tVol. 1.$g1$w()133441 774 0 $tVol. 2.$g2$w()252849 996 $6245$aDella elezione degli Arcivescovi di Milano :$bopera postuma$9(OLS)http://semarc/title/401103 996 $6260$aMilano :$bCoi tipi di Giuseppe Bernardoni di Gio.$9(OLS)http://semarc/publisher/57243